00680cam a22002171a 4500001001300000003000400013005001700017008004100034010001700075035002000092040001800112042001200130050001500142245009500157260006300252300002000315650002400335700004000359740004600399999001700445sa 64005126 DLC20260227112030.0841023s1963 ii 000 0 eng  asa 64005126  a(OCoLC)11298057 aDLCcVtUdDLC apremarc00aHD876b.J300a"Lawless legislation" :bwhy Swatantra opposes the 17th amendment? /cedited by A.P. Jain. aNew Delhi :bSwatantra Party, Parliamentary Office,c1963. a75 p. ;c22 cm. 0aLand tenurezIndia.1 aJain, A. P.q(Ajit Pershad),d1933-0 aWhy Swatantra opposes the 17th amendment? c58958d58958